| 000 | 01249cas a2200385 i 4500 | ||
|---|---|---|---|
| 001 | 200435070 | ||
| 003 | TR-AnTOB | ||
| 005 | 20260121142509.0 | ||
| 008 | 140624c20139999tu fr p 0 0tur | ||
| 010 | _a 2014339179 | ||
| 022 |
_a2147-8724 _l2147-8724 |
||
| 035 | _a(OCoLC)ocn881664626 | ||
| 040 |
_aDLC _beng _erda _cDLC _dOCLCF _dDLC _dCUS _dTR-AnTOB |
||
| 041 | 0 |
_aeng _atur |
|
| 042 | _apcc | ||
| 043 | _aa-tu--- | ||
| 050 | 0 | 0 | _aDS51.A6 |
| 099 | _aJOURNAL ANK AR | ||
| 245 | 0 | 0 |
_aAnkara araştırmaları dergisi = _bJournal of Ankara studies. |
| 246 | 3 | 1 | _aJournal of Ankara studies |
| 264 | 1 |
_aAnkara : _bVekam, _c2013- |
|
| 300 |
_avolumes : _billustrations (some color) ; _c27 cm |
||
| 310 | _ahalfyearly | ||
| 336 |
_atext _2rdacontent _btxt |
||
| 337 |
_aunmediated _2rdamedia _bn |
||
| 338 |
_avolume _2rdacarrier _bnc |
||
| 362 | 1 | _avolume1, issue1 (2013)- | |
| 546 | _aChiefly in Turkish; some English. | ||
| 651 | 0 |
_aAnkara (Türkiye) _xTarih _vSüreli yayınlar _918167 |
|
| 655 | 7 |
_aPeriodicals _2lcgft _9119590 |
|
| 710 | 2 |
_aVehbi Koç ve Ankara Araştırmaları Merkezi _944623 |
|
| 856 | _uhttp://www.ankaradergisi.org/jvi.aspx?pdir=jas&plng=tur&list=pub | ||
| 942 |
_2lcc _cCR _s1 |
||
| 999 |
_c200435070 _d53282 |
||